| 000 | 00816cam a2200205 a 4500 | ||
|---|---|---|---|
| 082 | 0 | 0 |
_a620.192 _bPRO |
| 245 | 0 | 0 |
_aProperties and uses of polymers in concrete / _ceditors, Jack J. Fontana, Al O. Kaeding, Paul D. Krauss. |
| 260 |
_aFarmington Hills, Mich. : _bAmerican Concrete Institute, _cc1996. |
||
| 300 |
_avi, 274 p. : _bill. ; _c23 cm. |
||
| 490 | 1 | _aSP-166 | |
| 500 | _aPapers presented at the 10th and 11th symposia, held in Minneapolis, Minn., and Tarpon Springs, Fl., 1993 and 1994. | ||
| 526 |
_a0 _b0 _c0 _d620_192000000000000_PRO |
||
| 650 | 0 |
_aMCE _9379 |
|
| 650 | 0 |
_aPolymer-impregnated concrete _xCongresses. _946620 |
|
| 700 | 1 |
_aFontana, J. J. _946621 |
|
| 700 | 1 |
_aKaeding, Al O. _946622 |
|
| 700 | 1 |
_aKrauss, Paul D. _946623 |
|
| 710 | 2 |
_aAmerican Concrete Institute. _937057 |
|
| 942 |
_2ddc _cBK |
||
| 999 |
_c549912 _d549912 |
||